000 01004cam0a220026500 4500
001 lce00603632
005 20190815093625.0
008 751120s1967 nyua 000 0 eng
010 _a 67017571 //r89
035 _a(Sirsi) r46697
035 _a(DLC) 67017571 //r89
035 _a(UPRA)lce00603632
040 _aDLC
_cWa
_dDLC
_dUPRA
050 0 0 _aBL515
_b.H39
082 0 0 _a291.2/3
245 0 0 _aReincarnation in world thought :
_ba living study of reincarnation in all ages ; including selections from the world's religions, philosophies, and sciences, and great thinkers of the past and present /
_ccompiled and edited by Joseph Head [and] S.L. Cranston.
260 _aNew York :
_bJulian Press,
_cc1967.
500 _aBased on the compiler's Reincarnation, an East-West anthology.
650 0 _aReincarnation.
_6S3231.1
700 1 _aCranston, S. L.
_6A4638.1
700 1 _aHead, Joseph.
_6A4639.1
949 _aBL515
_wlcc
_mMAIN
_tBOOK
_lON-SHELF
004 46697
987 _aWITHDRAWN.
999 _c58374
_d58374